| 000 | 00610nam a2200205Ia 4500 | ||
|---|---|---|---|
| 003 | GCL | ||
| 008 | 140319s9999 xx 000 0 ara d | ||
| 040 |
_aGCL / _cGCL |
||
| 082 | 0 | 4 |
_a239 _bم ر |
| 100 | 1 | _aمحمد محمود قمر | |
| 245 | 1 | 0 |
_aالرحمة المهداة / _cمحمد محمود قمر |
| 300 | _a167 ص | ||
| 490 |
_a100 قصة _v0 |
||
| 650 | 0 | 4 | _aالاسلام |
| 650 | 0 | 4 | _aالسيرة النبوية |
| 650 | 0 | 4 | _aعصر الجهاد فى سبيل نشر الدعوة |
| 650 | 0 | 4 | _aاخلاق الرسول |
| 650 | 0 | 4 | _aالهجرة الى المدينة |
| 942 |
_2ddc _cBK |
||
| 999 |
_c46776 _d46776 |
||